Click Quiz: School in different Languages - Statistics

General Stats
  • This quiz has been taken 79 times
  • The average score is 9 of 16
Answer Stats
Hint Answer % Correct
Escuela Spanish
93%
Ecole French
85%
Schule German
80%
Scuola Italian
77%
Szkoła Polish
75%
Škola Czech
66%
Koulu Finnish
57%
Școala Romanian
51%
Scoil Irish
49%
School Dutch
43%
Okul Turkish
43%
Skolan Swedish
38%
Shule Yiddish
33%
Skóli Icelandic
31%
Kool Estonian
26%
Iskola Hungarian
16%
No matching quizzes found
Score Distribution
Percent of People with Each Score
Percentile by Number Answered
Your Score History
You have not taken this quiz